000
00280nam a22001217a 4500
008
190226b xxu||||| |||| 00| 0 eng d
041
_a
eng
080
_2
2nd
_a
371
100
_a
46
101
_a
EDU
245
_a
An Introductory English Grammar
_c
Stageberg,N.C
942
_2
udc
_c
BK
999
_c
54256
_d
54256